Morte Súbita - Países sem fronteira com outros países - Statistics

Estatísticas Gerais
  • Esse quiz foi jogado 183 vezes
  • A pontuação média é 10 de 15
Answers on the Grid
Answers color-coded by a green-red scale on the quiz's grid according to % correct below.
Japão
Madagascar
Haiti
Panamá
Bahamas
Cuba
Países Baixos
Islândia
Indonésia
Noruega
Sri Lanka
Papua Nova Guiné
Reino Unido
Palau
Nova Zelândia
Irlanda
Barbados
Marrocos
Malta
Omã
Lesoto
Peru
Comores
Granada
Maldivas
Camarões
Micronésia
Guatemala
Malásia
Seychelles
 
Estatísticas das Respostas
Resposta % Correto
Japão
94%
Madagascar
90%
Bahamas
76%
Cuba
76%
Islândia
73%
Sri Lanka
72%
Maldivas
67%
Seychelles
65%
Barbados
64%
Nova Zelândia
64%
Palau
64%
Malta
62%
Granada
61%
Micronésia
60%
Comores
59%
Nenhum quiz correspondente encontrado
Distribuição das Pontuações
Porcentagem de Pessoas com Cada Pontuação
Percentil de Números Respondidos
Sua Pontuação Histórica
Você não jogou esse quiz